[Event "Challenge 1001"]
[Site "http://www.queenalice.com/game.php?id=787033"]
[Date "2010.6.8"]
[Round "-"]
[White "lorenzaassuncao"]
[Black "jjrphd"]
[Result "0-1"]
[WhiteElo "1198"]
[BlackElo "2297"]

1. Nf3 Nc6 2. c3 d5 3. e3 e5 4. Qb3 e4 5. Nd4 Nxd4 6. cxd4 Nf6 7. g3 Ng4 8. f3
exf3 9. Nc3 f2+ 10. Ke2 Qf6 11. h3 Bd6 12. hxg4 Bxg4+ 13. Kd3 Qf5+ 14. e4 Qf3+
15. Kc2 Qxh1 16. Bb5+ c6 17. Ba4 f1=Q 18. e5 Bd1+ 19. Kb1 Qd3+ 20. Qc2 Qxc2+ 21.
Bxc2 Bxc2+ 22. Kxc2 O-O 23. d3 Qh2+ 24. Bd2 Qxg3 25. Ne2 Qg6 26. a4 a5 27. Nf4
Qg4 28. exd6 h5 29. Ra3 h4 30. Rb3 Rab8 31. Bxa5 h3 32. Nxh3 Qxh3 33. d7 Qxd7
34. Rb5 cxb5 35. axb5 Qxb5 0-1

[Event "Challenge"]
[Site "http://www.queenalice.com/game.php?id=788352"]
[Date "2010.6.10"]
[Round "-"]
[White "lorenzaassuncao"]
[Black "palergiuseppe"]
[Result "0-1"]
[WhiteElo "1268"]
[BlackElo "1183"]

1. Nf3 d6 2. e4 Nf6 3. Nc3 Nbd7 4. b3 e5 5. Bc4 c6 6. O-O Qb6 7. a4 Be7 8. b4
Qxb4 9. Qe2 a5 10. Ng5 h6 11. Bxf7+ Kf8 12. Nb5 cxb5 13. Ba3 Qd4 14. axb5 b6 15.
c3 Qa4 16. f3 hxg5 17. Qe3 Kxf7 18. Qxg5 Qxb5 19. d3 Qxd3 20. h3 Ba6 21. Rfd1
Qxc3 22. Rac1 Qd4+ 23. Rxd4 exd4 24. Rd1 Rh5 25. Qd2 Nc5 26. Qxd4 Rd5 27. Qa1
Nb3 28. Qb1 Rb5 29. e5 dxe5 30. Rd3 Nc5 31. Re3 Rxb1+ 32. Kh2 Rh8 33. Rxe5 Bc8
34. Bxc5 bxc5 0-1

[Event "Challenge"]
[Site "http://www.queenalice.com/game.php?id=788353"]
[Date "2010.6.10"]
[Round "-"]
[White "lorenzaassuncao"]
[Black "cabalbarreto"]
[Result "1-0"]
[WhiteElo "1226"]
[BlackElo "1195"]

1. e3 d5 2. Nf3 Bf5 3. Bb5+ Nc6 4. O-O Nf6 5. Nc3 Bd7 6. b3 g6 7. a4 Bg7 8. Ba3
O-O 9. h3 a6 10. Bd3 Bxh3 11. gxh3 Qd7 12. Nh2 1-0

[Event "Challenge"]
[Site "http://www.queenalice.com/game.php?id=792755"]
[Date "2010.6.20"]
[Round "-"]
[White "lorenzaassuncao"]
[Black "carlosufpe"]
[Result "1-0"]
[WhiteElo "1256"]
[BlackElo "1150"]

1. Nf3 d5 2. b3 Nc6 3. g3 Nf6 4. Bg2 e6 5. O-O Qd6 6. d3 e5 7. Ba3 Qd7 8. Bxf8
Kxf8 9. c4 dxc4 10. bxc4 Qe6 11. Nc3 Nd4 12. a3 g6 13. Nxd4 exd4 14. Nb5 Qd7 15.
Qb1 c6 16. Qb4+ Kg7 17. Nd6 c5 18. Qxc5 Qg4 19. e4 dxe3 20. fxe3 b6 21. Qb5 Rb8
22. Rxf6 Be6 23. Rxf7+ Bxf7 24. Qe5+ Kh6 25. Nxf7# 1-0

[Event "Challenge"]
[Site "http://www.queenalice.com/game.php?id=794785"]
[Date "2010.6.25"]
[Round "-"]
[White "lorenzaassuncao"]
[Black "jjrphd"]
[Result "1-0"]
[WhiteElo "1226"]
[BlackElo "2310"]

1. Nf3 Nc6 2. c3 e5 3. e3 e4 4. Nh4 Qxh4 5. g3 Qh6 6. Bg2 Nf6 7. O-O b6 8. a3
Ba6 9. Re1 Ne5 10. d4 Nf3+ 11. Bxf3 exf3 12. Qxf3 O-O-O 13. Qa8# 1-0

[Event "Challenge"]
[Site "http://www.queenalice.com/game.php?id=800054"]
[Date "2010.7.7"]
[Round "-"]
[White "lorenzaassuncao"]
[Black "Goosick"]
[Result "0-1"]
[WhiteElo "1249"]
[BlackElo "1367"]

1. Nf3 d5 2. c3 Nf6 3. Qa4+ c6 4. g3 Bf5 5. d3 Nbd7 6. b4 e5 7. d4 Bd6 8. Bg2
O-O 9. O-O Re8 10. Nh4 Bg4 11. e3 exd4 12. exd4 Nb6 13. Qa5 Nc4 14. Qb5 cxb5 15.
h3 Bh5 16. Bg5 Bg6 17. Nxg6 hxg6 18. a3 Re2 19. Bxd5 Nxd5 20. Bxd8 Rxd8 21. a4
bxa4 22. Rxa4 a6 23. Rd1 Rde8 24. Rf1 Rc2 25. Na3 Nxa3 26. Rxa3 Rxc3 27. Ra5
Nxb4 28. Rd5 Nxd5 29. f3 Re2 30. Rf2 Rxf2 31. Kxf2 Rc2+ 32. Ke1 Bxg3+ 33. Kf1
Ne3+ 34. Kg1 Rc1# 0-1

[Event "Challenge"]
[Site "http://www.queenalice.com/game.php?id=800055"]
[Date "2010.7.7"]
[Round "-"]
[White "lorenzaassuncao"]
[Black "vinoseco"]
[Result "0-1"]
[WhiteElo "1249"]
[BlackElo "1067"]

1. Nf3 d5 2. e4 Nf6 3. exd5 Nxd5 4. g3 f5 5. Bg2 e6 6. O-O h5 7. c3 f4 8. Qa4+
c6 9. gxf4 b5 10. Qb3 Nxf4 11. Bh1 Qf6 12. Nd4 Qg6+ 13. Bg2 Qxg2# 0-1

[Event "Challenge"]
[Site "http://www.queenalice.com/game.php?id=800736"]
[Date "2010.7.9"]
[Round "-"]
[White "vinoseco"]
[Black "lorenzaassuncao"]
[Result "1-0"]
[WhiteElo "1068"]
[BlackElo "1241"]

1. e4 e5 2. Qf3 g6 3. Bc4 Nf6 4. g4 Bh6 5. h4 O-O 6. g5 Bxg5 7. hxg5 Nh5 8. b3
b6 9. Ba3 d6 10. Nc3 Nc6 11. Nd5 Nd4 12. Qd3 Ne6 13. Qh3 Qxg5 14. Nf3 Qd8 15.
Nh4 Nd4 16. Qe3 Nxc2+ 17. Ke2 Nxa1 18. Qd3 c6 19. Nb4 b5 20. Nxc6 bxc4 21. Qxc4
Qc7 22. Rxa1 d5 23. Qc5 dxe4 24. Qxf8# 1-0

[Event "Challenge 532"]
[Site "http://www.queenalice.com/game.php?id=803963"]
[Date "2010.7.15"]
[Round "-"]
[White "lorenzaassuncao"]
[Black "jjrphd"]
[Result "0-1"]
[WhiteElo "1218"]
[BlackElo "2266"]

1. Nf3 Nf6 2. b3 Nc6 3. g3 Ne4 4. c4 e5 5. Bg2 Bc5 6. O-O Nxf2 7. Rxf2 Bxf2+ 8.
Kxf2 d6 9. a4 Qf6 10. Nc3 e4 11. Nxe4 Qxa1 12. d3 Qe5 13. Nxe5 Nxe5 14. h3 O-O
15. g4 Be6 16. Ba3 f5 17. Qd2 fxe4+ 18. Ke1 exd3 19. exd3 Rad8 20. a5 c6 21. d4
Nf3+ 22. Kd1 Nxd2 23. Kxd2 Rf2+ 24. Kc1 Rxg2 25. Kb1 Rf8 26. Bb2 Rf1+ 27. Ka2
Rh2 28. Ka3 Rxh3 0-1

[Event "Challenge"]
[Site "http://www.queenalice.com/game.php?id=804050"]
[Date "2010.7.16"]
[Round "-"]
[White "vinoseco"]
[Black "lorenzaassuncao"]
[Result "0-1"]
[WhiteElo "1389"]
[BlackElo "1227"]

1. e4 e5 2. Qf3 Nf6 3. Qc3 Nc6 4. f3 Bb4 5. Qb3 Qe7 6. a3 Ba5 7. Nc3 O-O 8. h4
g6 9. Nd5 Qd8 10. g4 b6 11. g5 Nh5 12. f4 Ng3 13. Qxg3 b5 14. Nf6+ Kh8 15. Bxb5
a6 16. Bc4 Nd4 17. Kd1 exf4 18. Qxf4 Ra7 19. h5 Qe7 20. c3 Nc6 21. hxg6 fxg6 22.
e5 Nxe5 23. Bb3 c6 24. d4 d6 25. Rxh7+ Qxh7 26. dxe5 dxe5 27. Qxe5 Rd8+ 28. Bd2
Re7 29. Be6 Rxe6 30. Qxa5 Rxd2+ 31. Kxd2 Qh2+ 32. Kd3 Rd6+ 33. Ke4 Bf5+ 34. Ke3
Rd3# 0-1

[Event "Challenge"]
[Site "http://www.queenalice.com/game.php?id=806487"]
[Date "2010.7.21"]
[Round "-"]
[White "leticiar"]
[Black "lorenzaassuncao"]
[Result "0-1"]
[WhiteElo "1242"]
[BlackElo "1234"]

1. d4 d5 2. Nf3 Nf6 3. e3 g6 4. Nc3 Nc6 5. Bb5 a6 6. Ba4 Bh6 7. O-O O-O 8. e4
Bg7 9. Bb3 Na5 10. Bd2 Nxb3 11. cxb3 c6 12. Qe1 b5 13. exd5 cxd5 14. a4 bxa4 15.
bxa4 Ng4 16. Nxd5 Qxd5 17. Rc1 Qxd4 18. Nxd4 Bxd4 19. Be3 Bxb2 20. Rb1 Rb8 21.
Qe2 Nxe3 22. Qxe3 Bf5 23. Rbe1 Rb4 24. Re2 Bg4 25. Rd2 e6 26. Rb1 Rfb8 27. Qe5
Rc8 28. Rdxb2 Rxa4 29. Rb4 Ra5 30. Qxa5 f5 31. Qxa6 Re8 32. Qb5 e5 0-1

[Event "Challenge"]
[Site "http://www.queenalice.com/game.php?id=815121"]
[Date "2010.8.8"]
[Round "-"]
[White "Pabl"]
[Black "lorenzaassuncao"]
[Result "1-0"]
[WhiteElo "1621"]
[BlackElo "1249"]

1. e4 e5 2. Nf3 Nc6 3. Bb5 b6 4. d4 Bb4+ 5. c3 Ba5 6. dxe5 Nf6 7. exf6 Qxf6 8.
Qd5 O-O 9. Bg5 Qg6 10. O-O d6 11. Qxc6 Rb8 12. Qxc7 Rb7 13. Qc4 Be6 14. Qc6 Rfb8
15. Ba6 Bc8 16. Bxb7 Bxb7 17. Qc7 Rf8 18. Qxb7 h6 19. Be7 Re8 20. Nh4 Qg5 21.
Bxg5 hxg5 22. Nf5 g4 23. Nxd6 Rd8 24. Qxf7+ Kh7 25. Nf5 b5 26. Qxg7# 1-0

[Event "Challenge"]
[Site "http://www.queenalice.com/game.php?id=815122"]
[Date "2010.8.8"]
[Round "-"]
[White "lorenzaassuncao"]
[Black "Pabl"]
[Result "0-1"]
[WhiteElo "1247"]
[BlackElo "1623"]

1. Nf3 d5 2. e3 Nc6 3. g3 Bg4 4. Nc3 Ne5 5. Be2 Nf6 6. Nxe5 h5 7. Nxg4 Nxg4 8.
O-O d4 9. exd4 Qxd4 10. b3 O-O-O 11. Ba3 e5 12. Bxf8 Rhxf8 13. Nb5 Qd7 14. Nxa7+
Kb8 15. Nb5 c6 16. Nc3 Qd4 17. a3 h4 18. h3 Nf6 19. Bf3 e4 20. Qe1 exf3 21. Qe3
Qd6 22. gxh4 Rh8 23. Qxf3 Rxh4 24. Rae1 Rdh8 25. Ne4 Nxe4 26. Rd1 Rxh3 27. Qxe4
Qh2# 0-1

[Event "Challenge"]
[Site "http://www.queenalice.com/game.php?id=820537"]
[Date "2010.8.19"]
[Round "-"]
[White "Laramsm"]
[Black "lorenzaassuncao"]
[Result "1-0"]
[WhiteElo "1249"]
[BlackElo "1250"]

1. d4 Nc6 2. Nf3 b6 3. e4 g6 4. Bc4 e6 5. Ng5 Qe7 6. d5 Na5 7. Bb5 Bh6 8. h4 Bb7
9. Nc3 O-O-O 10. b4 Qxb4 11. Bd2 Rf8 12. a3 Qd6 13. f4 e5 14. g3 Nf6 15. g4 exf4
16. Rf1 a6 17. Bxf4 Qc5 18. Qd2 axb5 19. Rb1 Ba6 20. Rf3 Nc4 21. Qd3 Nxa3 22.
Rb3 Nxg4 23. Rg3 f5 24. Rg2 Bg7 25. Nf3 Bxc3+ 26. Rxc3 Qe7 27. d6 Qf6 28. e5 Qf7
29. Ng5 Qa2 30. e6 Qa1+ 31. Ke2 dxe6 32. d7+ Kd8 33. Bxc7+ Ke7 34. Qd6+ Kf6 35.
d8=Q+ Rxd8 36. Bxd8+ Rxd8 37. Qxd8+ Kg7 38. Rc7+ Kh6 39. Qf8+ Kh5 40. Rxh7+ Nh6
41. Qxh6# 1-0

[Event "Challenge"]
[Site "http://www.queenalice.com/game.php?id=846159"]
[Date "2010.10.15"]
[Round "-"]
[White "Nikita"]
[Black "lorenzaassuncao"]
[Result "1-0"]
[WhiteElo "1468"]
[BlackElo "1265"]

1. e4 e6 2. Nf3 Nf6 3. Nc3 Nc6 4. Bc4 g6 5. d3 Bg7 6. Bg5 O-O 7. Bxf6 Qxf6 8.
O-O b6 9. Qe1 Na5 10. e5 Qe7 11. Nb5 Qd8 12. Nfd4 c6 13. Nd6 Nxc4 14. b3 Nb2 15.
f4 f5 16. Qc3 Ba6 17. Qxb2 Bh6 18. g3 c5 19. Nf3 b5 20. h4 Qa5 21. d4 cxd4 22.
Qxd4 Rac8 23. Nxc8 Rxc8 24. Qxa7 d5 25. Nd4 Re8 26. Nc6 Qc3 27. Qxa6 Rc8 28.
Qxc8+ 1-0

[Event "Challenge"]
[Site "http://www.queenalice.com/game.php?id=851024"]
[Date "2010.10.26"]
[Round "-"]
[White "lorenzaassuncao"]
[Black "Marrobas"]
[Result "0-1"]
[WhiteElo "1269"]
[BlackElo "1249"]

1. e3 e5 2. e4 Nf6 3. f3 d5 4. c3 dxe4 5. fxe4 Nc6 6. Nf3 Nxe4 7. Bd3 Qxd3 8.
Qb3 Bc5 9. Rf1 O-O 10. a4 Bb6 11. g4 Bxg4 12. Nd4 exd4 13. Qa2 Rae8 14. Qd5 Qe2#
0-1

[Event "Challenge"]
[Site "http://www.queenalice.com/game.php?id=882599"]
[Date "2011.1.7"]
[Round "-"]
[White "lorenzaassuncao"]
[Black "papyrusmoon"]
[Result "0-1"]
[WhiteElo "1253"]
[BlackElo "1364"]

1. Nf3 d5 2. e3 Bg4 3. Nc3 e5 4. b3 Nc6 5. d4 Bb4 6. Nxe5 Bxd1 7. Kxd1 Bxc3 8.
Rb1 Nf6 9. Bb5 a6 10. Ba4 Ne4 11. g3 Nxf2+ 0-1